00747nam a2200217 a 4500001001000000003000500010005001700015008004100032010001100073011001100084020001800095040000900113082001900122245014000141260010400281300001700385650003700402650002600439650003500465700002900500000114048CHAP20220329144424.0171024s2017 mx a |r ||||||spa d a110509 a111481 a9786077668978 cCHAP04a635.30972bC7500aConservación y aprovechamiento sostenible de especies vegetales tradicionales de México /cpor Gustavo Solís Aguilar ...[et al.]. aCiudad de México :bServicio Nacional de Inspección y Certificación de SemillasbUACH,c2017. a93 p. :bil.14aCultivos alimenticioszMéxico.14aHortalizaszMéxico.14aPlantas comestiblesxMéxico.1 aSolís Aguilar, Gustavo